[Event "C.to Provinciale AT"]
[Site "Asti ITA"]
[Date "2009.04.17"]
[Round "2"]
[White "Monticone, Sonia"]
[Black "Astengo, Marcello"]
[Result "0-1"]
[WhiteElo "1789"]
[BlackElo "2114"]
[PlyCount "38"]
[EventDate "2009.04.16"]

1. d4 d5 2. c4 e6 3. Nc3 c6 4. cxd5 exd5 5. e3 Nf6 6. Bd3 Bd6 7. Nge2 Nbd7 8.
O-O Bxh2+ 9. Kh1 Bd6 10. e4 Nxe4 11. g3 Ndf6 12. Bf4 Qd7 13. Kg1 h5 14. Bxd6
Qxd6 15. Kg2 h4 16. Rh1 h3+ 17. Kg1 Bg4 18. Qf1 Nd2 19. Qc1 h2+ 0-1

[Event "C.to Provinciale AT"]
[Site "Asti ITA"]
[Date "2009.04.17"]
[Round "2"]
[White "Quirico, Paolo"]
[Black "Bertuca, Gianluca"]
[Result "1-0"]
[WhiteElo "2096"]
[BlackElo "1524"]
[PlyCount "95"]
[EventDate "2009.04.16"]

1. d4 d5 2. Bf4 Nf6 3. e3 Bg4 4. f3 Bf5 5. c4 e6 6. Nc3 c6 7. Qb3 b6 8. Rc1 Bd6
9. Bxd6 Qxd6 10. c5 Qd8 11. cxb6 axb6 12. Nge2 O-O 13. Ng3 Re8 14. Be2 Nbd7 15.
O-O c5 16. Nxf5 c4 17. Nh6+ gxh6 18. Qd1 Kh8 19. e4 h5 20. e5 Ng8 21. f4 Nh6
22. Bxh5 Ra5 23. Qe1 b5 24. a3 Rg8 25. Rf3 Qb6 26. Ne2 Raa8 27. Rh3 Rg7 28. Bf3
Nf5 29. Rd1 Rag8 30. Qd2 Nf8 31. Kf2 Ng6 32. Rg1 Ngh4 33. g4 Nxf3 34. Kxf3 Ne7
35. Rh6 Rb8 36. f5 Ng8 37. f6 Rg6 38. Rh5 Nxf6 39. exf6 Rxf6+ 40. Kg2 Rg8 41.
Kh1 Qd6 42. Qe3 b4 43. axb4 Qxb4 44. Qe5 Rgg6 45. g5 Kg8 46. gxf6 Rxg1+ 47.
Kxg1 Qe1+ 48. Kg2 1-0

[Event "C.to Provinciale AT"]
[Site "Asti ITA"]
[Date "2009.04.17"]
[Round "2"]
[White "Roversi, Stefano"]
[Black "Dritsakos, Alessio"]
[Result "1-0"]
[WhiteElo "1871"]
[BlackElo "1924"]
[PlyCount "91"]
[EventDate "2009.04.16"]

1. e4 e5 2. Nf3 Nc6 3. Bb5 a6 4. Ba4 Nf6 5. O-O Be7 6. Re1 b5 7. Bb3 O-O 8. a4
b4 9. d4 d6 10. h3 a5 11. d5 Nb8 12. Nbd2 Nbd7 13. Bc4 Nc5 14. Qe2 Ne8 15. Nf1
f5 16. Nxe5 dxe5 17. d6+ Kh8 18. dxe7 Qxe7 19. exf5 Bxf5 20. Qxe5 Qxe5 21. Rxe5
Nd7 22. Re7 Nd6 23. Bd5 Rae8 24. Bg5 h6 25. Bh4 g5 26. Rxe8 Rxe8 27. Bg3 Bxc2
28. Ne3 Be4 29. Rc1 Nf5 30. Nxf5 Bxd5 31. Rxc7 Nb6 32. Nxh6 Nxa4 33. Ng4 Re2
34. Nf6 Bg8 35. Rc8 Kg7 36. Nxg8 Nxb2 37. Rc5 a4 38. Rxg5+ Kf7 39. Nh6+ Kf6 40.
Ra5 a3 41. Ng4+ Ke6 42. Ne3 Nd3 43. Ra6+ Kd7 44. Rd6+ Ke7 45. Rxd3 Re1+ 46. Kh2
1-0

[Event "C.to Provinciale AT"]
[Site "Asti ITA"]
[Date "2009.04.17"]
[Round "2"]
[White "Sola, Giuseppe"]
[Black "Damia, Angelo"]
[Result "0-1"]
[WhiteElo "1993"]
[BlackElo "2235"]
[PlyCount "116"]
[EventDate "2009.04.16"]

1. Nf3 b6 2. e4 Bb7 3. Nc3 e6 4. d4 Bb4 5. Bd3 Nf6 6. Qe2 d5 7. e5 Ne4 8. Bd2
Nxd2 9. Qxd2 c5 10. Qf4 cxd4 11. Nxd4 Nd7 12. Ndb5 Be7 13. O-O O-O 14. Rfe1 a6
15. Nd4 b5 16. a3 Rc8 17. Nce2 Nxe5 18. Qxe5 Bf6 19. Qg3 e5 20. c3 exd4 21.
Nxd4 Qc7 22. Qxc7 Rxc7 23. Re2 Rd8 24. Rae1 Kf8 25. f3 g6 26. Kf2 Bc8 27. Kg1
Bd7 28. Kf2 Rdc8 29. Kg1 Rxc3 30. bxc3 Rxc3 31. Nxb5 axb5 32. Bc2 Rxa3 33. Rb1
Bc3 34. Rb3 b4 35. Rxa3 bxa3 36. Bb3 d4 37. Ra2 Bb2 38. Kf2 Bf5 39. Ke2 Bb1 40.
Kd2 f6 41. Rxb2 axb2 42. Bc2 Ba2 43. Kd3 b1=Q 44. Bxb1 Bxb1+ 45. Kxd4 Kf7 46.
Ke3 Ke6 47. Kf4 g5+ 48. Kg3 Kf5 49. Kf2 h5 50. Ke3 Ba2 51. Kf2 g4 52. Kg3 gxf3
53. Kxf3 h4 54. g3 Bd5+ 55. Kf2 Kg4 56. gxh4 Kxh4 57. Ke3 Kh3 58. Kf4 Be6 0-1

[Event "C.to Provinciale AT"]
[Site "Asti ITA"]
[Date "2009.04.17"]
[Round "2"]
[White "Sorcinelli, Francesco"]
[Black "Ronzano, Luca"]
[Result "1-0"]
[WhiteElo "2116"]
[BlackElo "1998"]
[PlyCount "73"]
[EventDate "2009.04.16"]

1. e4 Nf6 2. e5 Ng8 3. d4 d5 4. Bd3 c5 5. c3 Nc6 6. Ne2 Bg4 7. O-O cxd4 8. cxd4
Qb6 9. Nbc3 Bxe2 10. Nxe2 e6 11. Kh1 g6 12. a3 Nge7 13. b4 Nf5 14. Be3 h5 15.
Rc1 Bh6 16. Bxf5 gxf5 17. Bxh6 Rxh6 18. Rc5 Kd7 19. Qd2 Rhh8 20. Rfc1 Rac8 21.
Qg5 Qd8 22. Qe3 Qh4 23. Nf4 Rhg8 24. g3 Qg4 25. Qc3 a6 26. a4 Rgd8 27. h4 Ke8
28. Kg2 Kf8 29. f3 Qg8 30. Nxh5 Qg6 31. Nf6 f4 32. g4 Kg7 33. b5 axb5 34. axb5
Ne7 35. Rxc8 Rxc8 36. Qxc8 Nxc8 37. Rxc8 1-0

[Event "C.to Provinciale AT"]
[Site "Asti ITA"]
[Date "2009.04.17"]
[Round "2"]
[White "Turchetta, Gianluca"]
[Black "Venturino, Federico"]
[Result "1-0"]
[WhiteElo "1957"]
[BlackElo "1877"]
[PlyCount "83"]
[EventDate "2009.04.16"]

1. e4 c5 2. Nf3 e6 3. d4 cxd4 4. Nxd4 Nf6 5. Bd3 Nc6 6. Be3 d5 7. Nd2 Nxd4 8.
Bxd4 dxe4 9. Nxe4 Be7 10. O-O O-O 11. c3 b6 12. Qf3 Rb8 13. Be5 Rb7 14. Rad1
Nxe4 15. Bxe4 Rd7 16. Bc6 Rd2 17. Bf4 Rd6 18. Bxd6 Bxd6 19. Qd3 Bc7 20. Qxd8
Bxd8 21. Rfe1 Bg5 22. g3 Ba6 23. Rd7 Rc8 24. Bb7 Bxb7 25. Rxb7 Rd8 26. Rxa7 g6
27. Rb7 Rd6 28. Re4 Bf6 29. Rb4 Bd8 30. Rd4 Rxd4 31. cxd4 Bf6 32. Rxb6 Bxd4 33.
Rb8+ Kg7 34. b4 e5 35. a4 f5 36. a5 e4 37. a6 Kh6 38. b5 f4 39. gxf4 e3 40.
fxe3 Bxe3+ 41. Kg2 Bxf4 42. a7 1-0

[Event "C.to Provinciale AT"]
[Site "Asti ITA"]
[Date "2009.04.18"]
[Round "3"]
[White "Astengo, Marcello"]
[Black "Finocchiaro, Gianluca"]
[Result "1-0"]
[WhiteElo "2114"]
[BlackElo "2064"]
[PlyCount "45"]
[EventDate "2009.04.16"]

1. d4 d6 2. e4 Nf6 3. f3 e5 4. c3 Nxe4 5. fxe4 Qh4+ 6. Kd2 Qxe4 7. Qf3 Qg6 8.
Bd3 f5 9. Nh3 e4 10. Qe2 Be7 11. Bc4 Nc6 12. Kc2 Na5 13. Nf4 Qg4 14. Qxg4 fxg4
15. Bd5 Bf5 16. b4 Nc6 17. Be3 O-O-O 18. Ne6 Rdg8 19. Rf1 g6 20. Nd2 Re8 21.
Ng7 Ref8 22. Nxf5 gxf5 23. Rxf5 1-0

[Event "C.to Provinciale AT"]
[Site "Asti ITA"]
[Date "2009.04.18"]
[Round "3"]
[White "Bertuca, Gianluca"]
[Black "Giudici, Alberto"]
[Result "0-1"]
[WhiteElo "1524"]
[BlackElo "1999"]
[PlyCount "97"]
[EventDate "2009.04.16"]

1. d4 Nf6 2. c4 g6 3. Nc3 d5 4. cxd5 Nxd5 5. e4 Nxc3 6. bxc3 Bg7 7. Nf3 O-O 8.
Be2 c5 9. O-O cxd4 10. cxd4 Nc6 11. Be3 Bg4 12. e5 Qa5 13. Qb3 Rab8 14. Rfd1
Qb4 15. Rab1 Qxb3 16. Rxb3 Na5 17. Rb5 b6 18. h3 Bd7 19. Rbb1 Rbc8 20. Rdc1 Bf5
21. Ra1 f6 22. Ba6 Rcd8 23. Rc7 Rd7 24. Rac1 Rfd8 25. Rxd7 Rxd7 26. Bc8 Rd5 27.
Bxf5 gxf5 28. Rc8+ Kf7 29. Bf4 Rd7 30. exf6 Kxf6 31. Be5+ Kg6 32. Rg8 e6 33. h4
Nc6 34. Ng5 Nxe5 35. dxe5 Re7 36. f3 h6 37. Nh3 Kf7 38. Rc8 Bxe5 39. Kf2 Rc7
40. Rxc7+ Bxc7 41. g4 b5 42. Ke3 fxg4 43. fxg4 a5 44. g5 hxg5 45. Nxg5+ Kf6 46.
Ne4+ Kf5 47. Kf3 b4 48. h5 Be5 49. Nc5 0-1

[Event "C.to Provinciale AT"]
[Site "Asti ITA"]
[Date "2009.04.18"]
[Round "3"]
[White "Bove, Alessandro"]
[Black "Lucchese, Paolo"]
[Result "1-0"]
[WhiteElo "2297"]
[BlackElo "2005"]
[PlyCount "93"]
[EventDate "2009.04.16"]

1. e4 e5 2. Nf3 Nc6 3. Nc3 Nf6 4. a3 Bc5 5. Nxe5 Nxe5 6. d4 Bd6 7. f4 Ng6 8. e5
O-O 9. Bd3 Ne8 10. O-O f5 11. exd6 Nxd6 12. Qf3 c6 13. Be3 b6 14. Rad1 Rb8 15.
Bf2 Bb7 16. Rfe1 Qf6 17. g3 Rbe8 18. Bf1 Qf7 19. Qd3 Rxe1 20. Rxe1 Re8 21. Bg2
Rxe1+ 22. Bxe1 Qc4 23. Qe3 Qe6 24. Qxe6+ dxe6 25. b3 Ne7 26. Ne2 Nd5 27. c4 Nf6
28. Nc3 Kf7 29. Kf2 Ng4+ 30. Kg1 Ne3 31. c5 Nxg2 32. Kxg2 Nb5 33. Nxb5 cxb5+
34. Kf2 bxc5 35. dxc5 Bd5 36. b4 a6 37. Ke3 Bc6 38. Bc3 g6 39. Be5 Ke7 40. Kd4
Kf7 41. Bc7 Ke7 42. Bd6+ Kf6 43. Be5+ Kf7 44. Bh8 Kg8 45. Bf6 Kf7 46. Ke5 h6
47. Bd8 1-0

[Event "C.to Provinciale AT"]
[Site "Asti ITA"]
[Date "2009.04.18"]
[Round "3"]
[White "Carnino, Luca"]
[Black "Dritsakos, Alessio"]
[Result "0-1"]
[WhiteElo "1843"]
[BlackElo "1924"]
[PlyCount "44"]
[EventDate "2009.04.16"]

1. e4 e5 2. Nf3 Nc6 3. d4 exd4 4. Nxd4 Bc5 5. Be3 Qf6 6. c3 Nge7 7. Bc4 Ne5 8.
Bb3 d6 9. O-O Qg6 10. f3 Bh3 11. Rf2 O-O-O 12. Kh1 Bd7 13. Qe2 f5 14. Nxf5 Bxf5
15. exf5 Nxf5 16. Bxc5 dxc5 17. Bc2 Rhe8 18. Qf1 Qh5 19. Bxf5+ Qxf5 20. Na3 Qf4
21. Rd1 Rxd1 22. Qxd1 Ng4 0-1

[Event "C.to Provinciale AT"]
[Site "Asti ITA"]
[Date "2009.04.18"]
[Round "3"]
[White "Del Nevo, Claudio"]
[Black "Bisi, Samuele"]
[Result "0-1"]
[WhiteElo "1894"]
[BlackElo "1762"]
[PlyCount "128"]
[EventDate "2009.04.16"]

1. d4 Nf6 2. Nf3 e6 3. Bg5 Be7 4. Bxf6 Bxf6 5. e3 c5 6. c3 cxd4 7. exd4 d5 8.
Bd3 Nc6 9. Nbd2 Bd7 10. a3 Rc8 11. O-O O-O 12. Nb3 b6 13. Ba6 Rc7 14. Bb5 Ne7
15. Bxd7 Qxd7 16. Qe2 Qa4 17. Nc1 Rfc8 18. Nd3 Qc4 19. Rfe1 a5 20. Nfe5 Bxe5
21. Nxe5 Qxe2 22. Rxe2 b5 23. Nd3 Nf5 24. Nc5 b4 25. g4 Ne7 26. axb4 axb4 27.
Ree1 Nc6 28. Ra6 bxc3 29. bxc3 e5 30. dxe5 Nb8 31. Ra5 Rxc5 32. Rxc5 Rxc5 33.
Rb1 Nd7 34. Rb7 Nf8 35. Rb3 g6 36. Kg2 g5 37. Kg3 Ng6 38. e6 fxe6 39. f3 Rc7
40. Ra3 Kf7 41. h3 Nf4 42. h4 h6 43. hxg5 hxg5 44. Kf2 Kf6 45. Ke3 Ke5 46. Kd2
Rh7 47. Ra5 Rh2+ 48. Kc1 Nd3+ 49. Kd1 Kf4 50. Ra6 Rh6 51. Kd2 Ne5 52. Ke2 Nxf3
53. Ra4+ Kg3 54. c4 Rh2+ 55. Ke3 Rc2 56. cxd5 exd5 57. Kd3 Rd2+ 58. Ke3 d4+ 59.
Ke4 Kxg4 60. Ra3 Rc2 61. Rd3 Re2+ 62. Kd5 Kf4 63. Rd1 g4 64. Kc4 Ke3 0-1

[Event "C.to Provinciale AT"]
[Site "Asti ITA"]
[Date "2009.04.18"]
[Round "3"]
[White "Fortino, Fabrizio"]
[Black "Forno, Roberto"]
[Result "1-0"]
[WhiteElo "2081"]
[BlackElo "1944"]
[PlyCount "77"]
[EventDate "2009.04.16"]

1. e4 g6 2. d4 Bg7 3. Nf3 d6 4. h3 Nf6 5. Nc3 O-O 6. Be3 c6 7. a4 Qc7 8. Qd2 e5
9. dxe5 dxe5 10. Rd1 b6 11. Bc4 Ba6 12. Qe2 Bb7 13. O-O Nbd7 14. Nd2 Nh5 15.
Nb3 Rad8 16. Rd2 Nf4 17. Qd1 Nf6 18. Re1 N6h5 19. Rxd8 Rxd8 20. Qf3 Bc8 21. a5
b5 22. Bf1 Qe7 23. Kh2 Ne6 24. Ne2 Nd4 25. Nexd4 exd4 26. Bd2 a6 27. c3 c5 28.
cxd4 cxd4 29. Nc1 Bb7 30. g3 Kh8 31. Qe2 Re8 32. Nd3 Bxe4 33. f3 Qd6 34. fxe4
Nxg3 35. Bf4 Be5 36. Nxe5 Nxe2 37. Nxf7+ Kg7 38. Bxd6 Rf8 39. Be5+ 1-0

[Event "C.to Provinciale AT"]
[Site "Asti ITA"]
[Date "2009.04.18"]
[Round "3"]
[White "Piantadosi, Angelo"]
[Black "Venturino, Federico"]
[Result "0-1"]
[WhiteElo "1685"]
[BlackElo "1877"]
[PlyCount "42"]
[EventDate "2009.04.16"]

1. e4 c5 2. c3 d5 3. exd5 Qxd5 4. Qf3 Qe5+ 5. Qe3 Qd6 6. Nf3 Nc6 7. Bc4 e6 8.
d4 cxd4 9. Nxd4 Bd7 10. O-O Nxd4 11. cxd4 Be7 12. Nc3 Nf6 13. Qe5 Qb4 14. Bb3
Bc6 15. Bf4 Rd8 16. Rad1 O-O 17. Be3 Rfe8 18. Qg3 Qa5 19. Rd3 Qf5 20. Rfd1 Nh5
21. Qe5 Qg6 0-1

[Event "C.to Provinciale AT"]
[Site "Asti ITA"]
[Date "2009.04.18"]
[Round "3"]
[White "Porzio, Massimo"]
[Black "Monticone, Sonia"]
[Result "1/2-1/2"]
[WhiteElo "1901"]
[BlackElo "1789"]
[PlyCount "131"]
[EventDate "2009.04.16"]

1. e4 c5 2. Nf3 e6 3. d4 cxd4 4. Nxd4 a6 5. c4 Qc7 6. Be2 Nf6 7. f3 Nc6 8. Nxc6
bxc6 9. Qd4 d5 10. exd5 cxd5 11. Bf4 Qa5+ 12. Bd2 Qc7 13. cxd5 Nxd5 14. Nc3
Nxc3 15. Bxc3 Bb7 16. Rd1 f6 17. Qa4+ Qc6 18. Qxc6+ Bxc6 19. Bc4 Bd7 20. O-O
Bc5+ 21. Bd4 Bxd4+ 22. Rxd4 Ke7 23. Rfd1 Rhd8 24. Rd6 a5 25. b3 e5 26. Rb6 Bf5
27. Rb7+ Ke8 28. Bb5+ Kf8 29. Rc1 Rab8 30. Rxb8 Rxb8 31. Rc5 Bb1 32. a4 Ba2 33.
Rc3 Rb7 34. Kf2 Ke7 35. Ke3 Kd6 36. Kd2 Bb1 37. Rc6+ Ke7 38. Kc1 Bg6 39. Bc4
Ra7 40. Kb2 Rd7 41. Kc3 Rd1 42. Rc7+ Kf8 43. Ra7 Rc1+ 44. Kd2 Rc2+ 45. Ke3 Rxg2
46. Rxa5 Rxh2 47. Rd5 Ke7 48. a5 Bf7 49. Rb5 Bxc4 50. bxc4 Ra2 51. c5 Ra3+ 52.
Kf2 Kd7 53. Rb7+ Kc6 54. Rxg7 Rxa5 55. Rxh7 Kxc5 56. Rf7 Ra6 57. Ke3 Kd5 58.
Rf8 Ra3+ 59. Ke2 Ke6 60. Rb8 Kf5 61. Rf8 Rb3 62. Rf7 Ke6 63. Rf8 Ke7 64. Ra8
Rc3 65. Ra6 Rc7 66. Kd3 1/2-1/2

[Event "C.to Provinciale AT"]
[Site "Asti ITA"]
[Date "2009.04.18"]
[Round "3"]
[White "Quirico, Paolo"]
[Black "Sorcinelli, Francesco"]
[Result "0-1"]
[WhiteElo "2096"]
[BlackElo "2116"]
[PlyCount "110"]
[EventDate "2009.04.16"]

1. d4 f5 2. g3 Nf6 3. Bg2 d6 4. Nf3 g6 5. c4 Bg7 6. Nc3 O-O 7. O-O Qe8 8. Re1
Qf7 9. d5 h6 10. Qc2 Na6 11. Nd4 Nc5 12. Ncb5 e5 13. dxe6 Nxe6 14. Nxe6 Bxe6
15. Bxb7 Rab8 16. Bg2 Bxc4 17. Nxa7 Bxa2 18. Nc6 Bb3 19. Qd3 Rbe8 20. Be3 Ne4
21. Bd4 Bc4 22. Qc2 Bb3 23. Qd3 Bc4 24. Qc2 Bxd4 25. Nxd4 c5 26. Nf3 Bb3 27.
Qd3 Bc4 28. Qc2 Rb8 29. Nd2 Nxd2 30. Qxd2 d5 31. Ra5 Rfc8 32. Rea1 Rb7 33. Qxh6
Qg7 34. Qxg7+ Kxg7 35. Ra7 Rcb8 36. Rxb7+ Rxb7 37. Rd1 Rxb2 38. Bxd5 Bxe2 39.
Rc1 Rb5 40. Rc2 Rb1+ 41. Kg2 Bf1+ 42. Kf3 Rb5 43. Ke3 Kf6 44. f4 Ra5 45. Bc4
Bxc4 46. Rxc4 Ke6 47. Kd3 Kd5 48. Rc3 Ra2 49. h3 Rg2 50. g4 Rg3+ 51. Kd2 Rxc3
52. Kxc3 Ke4 53. gxf5 gxf5 54. Kc4 Kxf4 55. Kxc5 Kg3 0-1

[Event "C.to Provinciale AT"]
[Site "Asti ITA"]
[Date "2009.04.18"]
[Round "3"]
[White "Ronzano, Luca"]
[Black "De Francisci, Luigi"]
[Result "1-0"]
[WhiteElo "1998"]
[BlackElo "1914"]
[PlyCount "39"]
[EventDate "2009.04.16"]

1. e4 g6 2. d4 Bg7 3. c3 d6 4. f4 e6 5. Nf3 Ne7 6. Bd3 h6 7. O-O d5 8. Nbd2 b6
9. Ne5 dxe4 10. Nxe4 Nd7 11. Qe2 a6 12. Bd2 Bb7 13. Rae1 Nxe5 14. fxe5 Nf5 15.
Rf2 O-O 16. g4 Nxd4 17. cxd4 Qxd4 18. Bc3 Qd5 19. Ng3 b5 20. Be4 1-0

[Event "C.to Provinciale AT"]
[Site "Asti ITA"]
[Date "2009.04.18"]
[Round "3"]
[White "Roversi, Stefano"]
[Black "Turchetta, Gianluca"]
[Result "0-1"]
[WhiteElo "1871"]
[BlackElo "1957"]
[PlyCount "72"]
[EventDate "2009.04.16"]

1. e4 e6 2. d3 d5 3. Nd2 c5 4. g3 Nc6 5. Bg2 Nf6 6. f4 Be7 7. e5 Nd7 8. Ngf3
O-O 9. O-O f6 10. exf6 Nxf6 11. Re1 Qb6 12. Kh1 Ng4 13. Qe2 Nb4 14. Nf1 c4 15.
Ne3 cxd3 16. cxd3 Nxd3 17. Nxg4 Nxe1 18. Qxe1 Bd7 19. Nfe5 Be8 20. Nd3 Bf6 21.
Nxf6+ Rxf6 22. Qe5 Rf5 23. Qc3 d4 24. Qa3 Bc6 25. Ne5 Bxg2+ 26. Kxg2 Qb5 27.
Qf3 Rc8 28. Qe4 Rc5 29. g4 Rcxe5 30. fxe5 Qf1+ 31. Kg3 Qf2+ 32. Kh3 Rf3+ 33.
Qxf3 Qxf3+ 34. Kh4 h6 35. b3 Kh7 36. Ba3 g5+ 0-1

[Event "C.to Provinciale AT"]
[Site "Asti ITA"]
[Date "2009.04.18"]
[Round "4"]
[White "Bertuca, Gianluca"]
[Black "Del Nevo, Claudio"]
[Result "0-1"]
[WhiteElo "1524"]
[BlackElo "1894"]
[PlyCount "120"]
[EventDate "2009.04.16"]

1. e4 d6 2. d4 Nf6 3. Nc3 g6 4. Be2 Bg7 5. Nf3 O-O 6. O-O c6 7. h3 a6 8. Be3 b5
9. a3 Bb7 10. b4 Nbd7 11. Qd2 Qc7 12. Bf4 Rad8 13. Qe3 e5 14. dxe5 Nxe5 15.
Rfd1 Nfd7 16. Bh6 Nxf3+ 17. Bxf3 Ne5 18. Be2 Qe7 19. Bxg7 Kxg7 20. f4 Nd7 21.
Qd4+ Qf6 22. Qe3 Rfe8 23. Qg3 c5 24. f5 Bxe4 25. Rxd6 Qxf5 26. Bg4 Qg5 27. Nxe4
Rxe4 28. Qc3+ Ne5 29. Rxd8 Qxd8 30. bxc5 Qc7 31. Qb2 Qxc5+ 32. Kh1 f6 33. Rd1
Rc4 34. Rd2 Nxg4 35. Rd7+ Kh6 36. hxg4 Rxg4 37. Qxf6 Qh5+ 38. Kg1 Rxg2+ 39.
Kxg2 Qg4+ 40. Kf2 Qxd7 41. Qxa6 Qf5+ 42. Kg1 Qxc2 43. Qd6 Qf5 44. Kg2 Qg4+ 45.
Kf2 Kh5 46. Ke3 Qg1+ 47. Kf3 g5 48. Qe5 Qg4+ 49. Ke3 Qf4+ 50. Qxf4 gxf4+ 51.
Kxf4 Kg6 52. Kg4 h5+ 53. Kh4 Kh6 54. Kh3 Kg5 55. Kg3 Kf5 56. Kh4 Ke4 57. Kxh5
Kd3 58. Kg4 Kc3 59. Kf3 Kb3 60. Ke2 Kxa3 0-1

[Event "C.to Provinciale AT"]
[Site "Asti ITA"]
[Date "2009.04.18"]
[Round "4"]
[White "Carnino, Luca"]
[Black "Piantadosi, Angelo"]
[Result "1/2-1/2"]
[WhiteElo "1843"]
[BlackElo "1685"]
[PlyCount "81"]
[EventDate "2009.04.16"]

1. e4 e6 2. d4 d5 3. Nd2 dxe4 4. Nxe4 Nd7 5. Be3 Ngf6 6. Bd3 b6 7. Ne2 Bb7 8.
N2g3 Nxe4 9. Bxe4 Bxe4 10. Nxe4 Qh4 11. Qf3 Qd8 12. Ng5 Nf6 13. Qc6+ Nd7 14.
O-O-O Bd6 15. Qe4 Nf6 16. Qh4 Qe7 17. Rhe1 O-O-O 18. Ne4 Nd5 19. Bg5 Bf4+ 20.
Kb1 Bxg5 21. Qxg5 Qf8 22. f4 h6 23. Qg3 Ne7 24. Qa3 Kb8 25. c4 Nf5 26. Qc3 Nd6
27. a4 Nxe4 28. Rxe4 Qe8 29. a5 Qa4 30. Rd3 Qxa5 31. Qxa5 bxa5 32. Re5 c6 33.
Rxa5 Rd7 34. Rda3 Rhd8 35. Kc2 Rxd4 36. Rxa7 Rxc4+ 37. Kb3 Rxf4 38. Ra8+ Kc7
39. R3a7+ Kb6 40. Ra6+ Kb7 41. R6a7+ 1/2-1/2

[Event "C.to Provinciale AT"]
[Site "Asti ITA"]
[Date "2009.04.18"]
[Round "4"]
[White "Damia, Angelo"]
[Black "Quirico, Paolo"]
[Result "1-0"]
[WhiteElo "2235"]
[BlackElo "2096"]
[PlyCount "123"]
[EventDate "2009.04.16"]

1. e4 e6 2. d4 d5 3. Nc3 Bb4 4. exd5 exd5 5. Qf3 Qe7+ 6. Be3 Nf6 7. Bd3 Nc6 8.
Kf1 Be6 9. Nge2 O-O-O 10. Bg5 Ne4 11. Bxe7 Nd2+ 12. Ke1 Nxf3+ 13. gxf3 Bxe7 14.
Nd1 Nb4 15. Kd2 Nxd3 16. Kxd3 Bf5+ 17. Kd2 c6 18. Ne3 Bg6 19. Rag1 Rhg8 20. h4
h6 21. h5 Bh7 22. Rg3 Rd6 23. f4 Be4 24. Rhg1 Bf6 25. f5 Bg5 26. f3 Bxe3+ 27.
Kxe3 Bxf5 28. Rxg7 Re8+ 29. Kf2 Rf6 30. Rg8 Kd7 31. Rxe8 Kxe8 32. Rg8+ Kd7 33.
c3 Be4 34. Rg3 Rf5 35. Rh3 Bb1 36. a3 Rg5 37. Nf4 Ke7 38. Rh1 Bf5 39. Re1+ Be6
40. b4 Rf5 41. Ke3 Kf6 42. a4 Rg5 43. b5 Bd7 44. bxc6 Bxc6 45. a5 Rg8 46. Rc1
Kf5 47. Nd3 Re8+ 48. Kf2 Bb5 49. Ne5 f6 50. Rb1 Ba6 51. Ng4 Re2+ 52. Kg3 Ra2
53. Re1 Be2 54. Rb1 Ba6 55. Nxh6+ Kg5 56. Ng4 f5 57. h6 Bd3 58. f4+ Kg6 59.
Ne5+ Kxh6 60. Nxd3 Rc2 61. Kf3 Rxc3 62. Ke3 1-0

[Event "C.to Provinciale AT"]
[Site "Asti ITA"]
[Date "2009.04.18"]
[Round "4"]
[White "Dritsakos, Alessio"]
[Black "De Francisci, Luigi"]
[Result "0-1"]
[WhiteElo "1924"]
[BlackElo "1914"]
[PlyCount "38"]
[EventDate "2009.04.16"]

1. e4 g6 2. d4 Bg7 3. Bc4 e6 4. Nc3 a6 5. Nf3 d6 6. Be3 Ne7 7. Qd2 h6 8. h4 Nd7
9. Nh2 b5 10. Bb3 Bb7 11. f3 c5 12. dxc5 dxc5 13. a3 Qa5 14. O-O-O Rd8 15. Ne2
Qxd2+ 16. Rxd2 c4 17. Rhd1 cxb3 18. Bb6 bxc2 19. Kxc2 Rc8+ 0-1

[Event "C.to Provinciale AT"]
[Site "Asti ITA"]
[Date "2009.04.18"]
[Round "4"]
[White "Finocchiaro, Gianluca"]
[Black "Giudici, Alberto"]
[Result "1-0"]
[WhiteElo "2064"]
[BlackElo "1999"]
[PlyCount "75"]
[EventDate "2009.04.16"]

1. e4 c5 2. c3 Nf6 3. e5 Nd5 4. d4 e6 5. Nf3 Nc6 6. a3 cxd4 7. cxd4 Qa5+ 8. Bd2
Qb6 9. Nc3 Nxd4 10. Nxd5 exd5 11. Nxd4 Qxd4 12. Bc3 Qe4+ 13. Be2 Bc5 14. O-O d4
15. Bf3 Qf4 16. g3 Qf5 17. Bg4 Qg5 18. Bxd4 Bxd4 19. Qxd4 O-O 20. Rac1 h5 21.
Bf3 f6 22. exf6 Rxf6 23. Rc5 Rf5 24. Qc4+ d5 25. Rxc8+ Kh7 26. Bxd5 Rxc8 27.
Qxc8 Rxd5 28. Re1 Rb5 29. Re8 Rf5 30. Qc2 Qf6 31. h4 Qf7 32. Rc8 Qf6 33. Rc5 g6
34. Rc7+ Kg8 35. Rxb7 Qe6 36. Qc3 Re5 37. Rb8+ Kf7 38. Qf3+ 1-0

[Event "C.to Provinciale AT"]
[Site "Asti ITA"]
[Date "2009.04.18"]
[Round "4"]
[White "Forno, Roberto"]
[Black "Rasulo, Stefano"]
[Result "0-1"]
[WhiteElo "1944"]
[BlackElo "1774"]
[PlyCount "86"]
[EventDate "2009.04.16"]

1. d4 e6 2. c4 d5 3. Nc3 Nf6 4. Nf3 Be7 5. Bg5 O-O 6. e3 Nbd7 7. Bd3 dxc4 8.
Bxc4 Re8 9. O-O c6 10. a3 Nd5 11. Bxe7 Qxe7 12. Qc2 Nxc3 13. bxc3 e5 14. e4 h6
15. Rfe1 exd4 16. cxd4 Nf8 17. Re3 Qf6 18. Ne5 Be6 19. Rf3 Qd8 20. Rd1 Bxc4 21.
Nxc4 Ne6 22. Qd3 Ng5 23. Re3 Qc7 24. e5 Rad8 25. Nd6 Re7 26. f4 Ne6 27. f5 Nf4
28. Qe4 Nd5 29. Rg3 Kh8 30. Qg4 f6 31. Rdd3 fxe5 32. dxe5 Rxe5 33. Ne4 Rde8 34.
Rd4 R5e7 35. f6 Qa5 36. h4 Nxf6 37. Nxf6 gxf6 38. Qg6 Qe1+ 39. Kh2 Qe6 40.
Qxh6+ Rh7 41. Qf4 Qf7 42. Qf5 Rh5 43. Rg5 Qc7+ 0-1

[Event "C.to Provinciale AT"]
[Site "Asti ITA"]
[Date "2009.04.18"]
[Round "4"]
[White "Lucchese, Paolo"]
[Black "Bisi, Samuele"]
[Result "1/2-1/2"]
[WhiteElo "2005"]
[BlackElo "1762"]
[PlyCount "46"]
[EventDate "2009.04.16"]

1. e4 e5 2. Nf3 Nf6 3. Bc4 Bc5 4. d3 d6 5. O-O Be6 6. Bxe6 fxe6 7. c3 O-O 8. a4
a5 9. Ng5 Qd7 10. Qb3 d5 11. h3 c6 12. Be3 Na6 13. Nd2 Rfe8 14. Ngf3 Bd6 15.
Rae1 h6 16. Qc2 Rad8 17. d4 exd4 18. Nxd4 Qf7 19. Bxh6 e5 20. Nf5 Nxe4 21. Nxd6
Rxd6 22. Nxe4 Rxh6 23. Ng3 Nc5 1/2-1/2

[Event "C.to Provinciale AT"]
[Site "Asti ITA"]
[Date "2009.04.18"]
[Round "4"]
[White "Molina, Fabrizio"]
[Black "Astengo, Marcello"]
[Result "1-0"]
[WhiteElo "2240"]
[BlackElo "2114"]
[PlyCount "67"]
[EventDate "2009.04.16"]

1. c4 e6 2. Nf3 Nf6 3. b3 Be7 4. Bb2 O-O 5. g3 d5 6. Bg2 c6 7. O-O Nbd7 8. Qc2
Re8 9. Nc3 b6 10. d4 Ba6 11. Rfd1 Rc8 12. e4 dxc4 13. d5 cxd5 14. exd5 e5 15.
d6 Bf8 16. b4 b5 17. Ng5 h6 18. Nge4 Nxe4 19. Bxe4 Re6 20. a4 Rb8 21. axb5 Bb7
22. Rxa7 Qb6 23. Rxb7 Rxb7 24. Bxb7 Qxb7 25. Qe4 Qa7 26. Qc6 Nf6 27. b6 Qd7 28.
Qxd7 Nxd7 29. Ne4 Re8 30. b7 Rb8 31. Nc5 Nxc5 32. bxc5 Rxb7 33. c6 Rxb2 34. c7
1-0

[Event "C.to Provinciale AT"]
[Site "Asti ITA"]
[Date "2009.04.18"]
[Round "4"]
[White "Monticone, Sonia"]
[Black "Roversi, Stefano"]
[Result "1/2-1/2"]
[WhiteElo "1789"]
[BlackElo "1871"]
[PlyCount "83"]
[EventDate "2009.04.16"]

1. c4 Nf6 2. Nc3 e5 3. g3 Be7 4. Bg2 c6 5. d4 exd4 6. Qxd4 Na6 7. e3 O-O 8.
Nge2 Nb4 9. Qd1 a5 10. O-O d6 11. a3 Na6 12. e4 Ng4 13. Nd4 Ne5 14. b3 Nc5 15.
f4 Bg4 16. Qc2 Ned3 17. Be3 Bf6 18. h3 Be6 19. Nxe6 fxe6 20. Rfd1 d5 21. e5 d4
22. exf6 dxe3 23. fxg7 Rf7 24. Rab1 e5 25. b4 axb4 26. axb4 exf4 27. gxf4 Qh4
28. bxc5 Nxf4 29. Rf1 Rxg7 30. Rxf4 Qxf4 31. Qe2 Rd8 32. Rd1 Rf8 33. Kh1 Qf2
34. Rf1 Qg3 35. Rxf8+ Kxf8 36. Nd1 Rf7 37. Qd3 Qe1+ 38. Kh2 e2 39. Qd8+ Kg7 40.
Qg5+ Kh8 41. Qe5+ Kg8 42. Qg5+ 1/2-1/2